[Event "Avoine op 34th"]
[Site "Avoine"]
[Date "2019.07.20"]
[Round "2"]
[White "Bailet, Pierre"]
[Black "Kavciyan, Yega"]
[Result "1-0"]
[WhiteElo "2494"]
[BlackElo "2033"]
[PlyCount "51"]
[EventDate "2019.07.20"]
[EventType "swiss"]
[EventRounds "9"]
[EventCountry "FRA"]
[SourceTitle "EXT 2020"]
[Source "ChessBase"]
[SourceDate "2019.10.17"]
[SourceVersion "1"]
[SourceVersionDate "2019.10.17"]
[SourceQuality "1"]

1. Nf3 Nf6 2. g3 g6 3. Bg2 Bg7 4. 0-0 0-0 5. c4 d6 6. Nc3 e5 7. d4 exd4 8. Nxd4 Nbd7 9. b3 Re8 10. Bb2 a5 11. Qc2 Nc5 12. Rfd1 c6 13. Rab1 Qe7 14. Rd2 Bd7 15. e4 Rad8 16. Re1 Bc8 17. h3 Qc7 18. Kh2 Nh5 19. Qd1 Re7 20. Ndb5 cxb5 21. Nd5 Qd7 22. Bxg7 Kxg7 23. g4 Re5 24. gxh5 Nxe4 25. Rxe4 Rxe4 26. h6+ 1-0

[Event "Avoine op 32nd"]
[Site "Avoine"]
[Date "2017.07.29"]
[Round "8"]
[White "Quetin, Alois"]
[Black "Kavciyan, Yega"]
[Result "1/2-1/2"]
[WhiteElo "1748"]
[BlackElo "2082"]
[PlyCount "81"]
[EventDate "2017.07.22"]
[EventType "swiss"]
[EventRounds "9"]
[EventCountry "FRA"]
[SourceTitle "CBM 179 Extra"]
[Source "ChessBase"]
[SourceDate "2017.08.23"]
[SourceVersion "1"]
[SourceVersionDate "2017.08.23"]
[SourceQuality "1"]

1. d4 Nf6 2. Nf3 g6 3. c4 Bg7 4. Nc3 0-0 5. g3 d6 6. Bg2 Nbd7 7. 0-0 e5 8. e4 c6 9. dxe5 dxe5 10. b3 Qa5 11. Qc2 Re8 12. Bd2 Qc7 13. Rad1 Nf8 14. Be3 Bg4 15. h3 Bxf3 16. Bxf3 Rad8 17. Bg2 Ne6 18. Ne2 Nh5 19. Rxd8 Rxd8 20. Rd1 b6 21. g4 Nf6 22. Rxd8+ Qxd8 23. f4 exf4 24. Nxf4 Nxf4 25. Bxf4 Qd4+ 26. Qf2 Nxe4 27. Qxd4 Bxd4+ 28. Kf1 f5 29. Bxe4 fxe4 30. Ke2 Kf7 31. Be3 Be5 32. Bd2 Bf6 33. Bf4 Bd4 34. Be3 Bxe3 35. Kxe3 g5 36. b4 a6 37. Kxe4 Ke6 38. Kd4 Kd6 39. c5+ bxc5+ 40. bxc5+ Ke6 41. Ke4 1/2-1/2

[Event "Avoine op 32nd"]
[Site "Avoine"]
[Date "2017.07.28"]
[Round "7"]
[White "Kavciyan, Yega"]
[Black "Neau, Alain"]
[Result "1-0"]
[WhiteElo "2082"]
[BlackElo "1766"]
[PlyCount "81"]
[EventDate "2017.07.22"]
[EventType "swiss"]
[EventRounds "9"]
[EventCountry "FRA"]
[SourceTitle "CBM 179 Extra"]
[Source "ChessBase"]
[SourceDate "2017.08.23"]
[SourceVersion "1"]
[SourceVersionDate "2017.08.23"]
[SourceQuality "1"]

1. e4 d6 2. d4 Nf6 3. Nc3 g6 4. f4 Bg7 5. Nf3 0-0 6. Bd3 Na6 7. 0-0 c5 8. d5 Qb6 9. Kh1 Bg4 10. Qe1 Bxf3 11. Rxf3 Nb4 12. Qh4 Qc7 13. a3 Nxd3 14. cxd3 Qd7 15. f5 b5 16. Rh3 h5 17. Rg3 Ng4 18. h3 Ne5 19. Bg5 b4 20. axb4 cxb4 21. Ne2 Rae8 22. d4 Nc4 23. Bc1 Bf6 24. Qxh5 Bg7 25. fxg6 fxg6 26. Qxg6 e5 27. Bh6 Rf7 28. dxe5 Nxe5 29. Qxg7+ Rxg7 30. Rxg7+ Qxg7 31. Bxg7 Kxg7 32. Rxa7+ Kf6 33. Ra6 Ke7 34. Nd4 Nd3 35. Nf5+ Kf8 36. Nxd6 Re5 37. Rb6 Rg5 38. g4 Rg6 39. Rb8+ Kg7 40. Nf5+ Kh7 41. d6 1-0